[Event "Olympiad"]
[Site "0:12.11-0:13.14"]
[Date "2012.08.30"]
[Round "3"]
[White "Maeckelbergh, Anne-Marie"]
[Black "Lampard, Alice"]
[Result "1/2-1/2"]
[WhiteElo "1892"]
[BlackElo "1593"]
[PlyCount "50"]
[EventDate "2012.??.??"]
[WhiteTeam "Belgium"]
[BlackTeam "Scotland"]
[WhiteTeamCountry "BEL"]
[BlackTeamCountry "SCO"]

1. e4 c5 2. Nf3 Nc6 3. d4 cxd4 4. Nxd4 g6 5. Nc3 Bg7 6. Be3 Nf6 7. Bc4 O-O 8.
f3 Qb6 9. Qd2 Nxe4 10. fxe4 Bxd4 11. Bxd4 Qxd4 12. Qxd4 Nxd4 13. O-O-O Nc6 14.
Rd2 d6 15. Rf1 Be6 16. Nd5 Bxd5 17. Bxd5 Rac8 18. Bb3 Ne5 19. a3 Kg7 20. Rd4
Rc7 21. c3 a6 22. h3 Nc6 23. Rd5 Ne5 24. Rd4 Nc6 25. Rd5 Ne5 1/2-1/2

[Event "Olympiad"]
[Site "0:21.57-0:26.33"]
[Date "2012.08.31"]
[Round "4"]
[White "Angolikin, Goretti"]
[Black "Durno, Joy"]
[Result "0-1"]
[WhiteElo "1705"]
[BlackElo "1863"]
[PlyCount "84"]
[EventDate "2012.??.??"]
[WhiteTeam "Uganda"]
[BlackTeam "Scotland"]
[WhiteTeamCountry "UGA"]
[BlackTeamCountry "SCO"]

1. e4 c5 2. Nc3 Nc6 3. f4 g6 4. Nf3 Bg7 5. Bc4 e6 6. a4 a6 7. O-O Nge7 8. d3
Nd4 9. Nxd4 cxd4 10. Ne2 d5 11. Bb3 O-O 12. Ng3 f5 13. e5 Bd7 14. Ne2 Nc6 15.
Bd2 Rf7 16. Kh1 Bf8 17. Qe1 Bc5 18. Ng1 Be8 19. Nh3 Rg7 20. Ng5 Bf7 21. Rf3 h6
22. Nxf7 Rxf7 23. Rh3 Kh7 24. Qe2 Qc8 25. g4 Bb4 26. gxf5 Rxf5 27. c3 Na5 28.
cxb4 Nxb3 29. Rg1 Qc2 30. Qg4 Rg8 31. Qh4 Rh5 32. Qg4 Rxh3 33. Qxh3 Qxd2 34.
Qxe6 Qxd3 35. Qxd5 Rg7 36. e6 Nd2 37. Re1 Re7 38. Qd6 Qf3+ 39. Kg1 Qg4+ 40. Kh1
Qh4 41. Re2 Nf3 42. Qc5 d3 0-1